Manufactured fishery products of U.S. and Alaska, 1931.

Bibliographic Details
Corporate Author: United States. Bureau of Fisheries
Format: Government Document eBook
Language:English
Published: [Washington?] : [publisher not identified], 1931.
Series:Fisheries Bur. Stat. Bull. No. 1033
Subjects:
Online Access:Connect to the full text of this electronic document

MARC

Tag First Indicator Second Indicator Subfields
LEADER 00000cam a22000001a 4500
001 in00003704921
005 20190408180724.0
006 m o d f
007 cr bn mmmapmmp
008 040322s1931 dcu o f000 0 eng d
035 |a ebd1910213398 
040 |a UMI  |c UMI  |d UtOrBLW 
086 0 |a C 6.5:1033 
099 |a C6.5-1033 
245 0 0 |a Manufactured fishery products of U.S. and Alaska, 1931. 
264 1 |a [Washington?] :  |b [publisher not identified],  |c 1931. 
300 |a 1 online resource (4 pages) 
336 |a text  |b txt  |2 rdacontent 
337 |a computer  |b c  |2 rdamedia 
338 |a online resource  |b cr  |2 rdacarrier 
490 0 |a Fisheries Bur. Stat. Bull. No. 1033 
500 |a [With data on quantity and value of production, by fish type and product] 
500 |a Record is based on bibliographic data in ProQuest U.S. Executive Branch Documents, 1910-1932. Reuse except for individual research requires license from ProQuest, LLC. 
533 |a Electronic reproduction.  |b [Bethesda, Md.] :  |c ProQuest,  |d 2012.  |e digital, PDF file.  |n ProQuest U.S. Executive Branch Documents, 1910-1932.  |n Mode of access: World Wide Web via ProQuest website. 
538 |a System requirements: PDF reader software. 
500 |a Electronic resource. 
650 0 |a Fisheries.  |0 http://id.loc.gov/authorities/subjects/sh85048666 
655 7 |a Electronic books.  |2 local 
710 1 |a United States.  |b Bureau of Fisheries.  |0 http://id.loc.gov/authorities/names/n79006434 
776 1 8 |i Microfiche version:  |t Manufactured fishery products of U.S. and Alaska, 1931  |o CIS US Exec MF C6.5-1033  |w (ProQuest)cis19120564 
856 4 0 |u http://proxy.library.tamu.edu/login?url=http://congressional.proquest.com/congressional/docview/t66.d71.c6.5-1033  |z Connect to the full text of this electronic document  |t 0 
999 f f |s f463b389-3499-32a8-bd6e-187e4a9f2914  |i b16f9d90-ac7d-3e3c-a94e-8d33fee8a796  |t 0 
952 f f |a Texas A&M University  |b College Station  |c Electronic Resources  |d Available Online  |t 0  |h No information provided 
998 f f |t 0  |l Available Online